| 000 | 00542nam a2200145 4500 | ||
|---|---|---|---|
| 999 |
_c13260 _d13260 |
||
| 008 | 190221b ||||| |||| 00| 0 eng d | ||
| 082 | _aDPer 050 T48 Apr-June 2016 v. 187, n. 12-24. | ||
| 100 |
_937061 _aElliott, Philip. |
||
| 245 |
_aThe GOP's plan to look past the presidency-and keep congress/ _cPhilip Elliott and Jay Newton-Small. |
||
| 260 |
_aHong Kong; _bTime Asia, _cc2016. |
||
| 300 |
_av187 n12, pages 5-6: _billustrations; _c27 cm. |
||
| 650 |
_aPolitics. _937310 |
||
| 700 |
_937309 _aNewton-Small, Jay _eAuthor. |
||
| 942 |
_2ddc _cPER |
||